000 00968nam a2200265Ia 4500
003 OSt
005 20221005104417.0
006 a|||||r|||| 00| 0
007 ta
008 221004b |||||||| |||| 00| 0 hin d
020 _a9788126340521 (hbk)
_c180
024 _a121610
037 _b13335, 17/07/2012, Kitab Ghar
_cTextual
040 _aCRL
_cCRL
_bhin
041 _2hin
_ahin
082 _aO152,3N31w, Q2
100 _aत्रिपाठी, विश्वनाथ
245 0 _aगंगा स्नान करने चलोगे ?
246 _aGangā snān karane chaloge ?
260 _aदिल्ली
_bभारतीय ज्ञानपीठ भारत
_c2012
300 _a180पृृ0
_ccm.
650 _aहिन्दी साहित्य
942 _hO152,3N31w, Q2
_cTEXL
_2cc
999 _c1012634
_d1012634